| 000 | 00924nam a2200241 i 4500 | ||
|---|---|---|---|
| 001 | 188785 | ||
| 003 | ES-MaACL | ||
| 005 | 20231221154546.0 | ||
| 008 | 190214s1962 sp |||| | spa d | ||
| 100 | 1 |
_aFaure, M. _9166265 |
|
| 245 | 1 | 0 |
_aCómo interpretar... las reacciones serológicas / _cM. Faure..., R. Pautrizel..., L. Le Minor... ; traducción del Dr. José Aznar López ; revisión y ampliación... del Dr. Fernando Ortiz Maslloréns. |
| 260 |
_aMadrid : _bDaimon, _c[1962] |
||
| 300 |
_a111 p. : _bil. ; _c16 cm. |
||
| 490 | 1 |
_aColección Médica Internacional ; _v5 |
|
| 650 | 4 |
_aSerodiagnóstico. _9151729 |
|
| 700 | 1 |
_aPautrizel, Raymond. _9166266 |
|
| 700 | 1 |
_aLe Minor, Léon. _9166267 |
|
| 700 | 1 |
_aAznar López, José _924311 |
|
| 700 | 1 |
_aOrtiz Masllorens, Fernando. _9166268 |
|
| 830 | 0 |
_aColección Médica Internacional ; _v5 _9183453 |
|
| 852 |
_aES-MaACL _jP-488-4 |
||
| 999 |
_c188785 _d188785 |
||